Writing home /

Guardado en:
Detalles Bibliográficos
Autor principal: Bennett, Alan, (1934- ) (Autor)
Formato: Libro
Lenguaje:inglés
Publicado: London ; Boston : Faber and Faber, 1994
Etiquetas: Agregar Etiqueta
Sin Etiquetas, Sea el primero en etiquetar este registro!

MARC

LEADER 00000nam a22000007i 4500
001 IT\ICCU\MIL\0289752
003 ItRI
005 20250921142131.0
008 960725s1994 xxk|||||| ||||| |||||c
020 |a 0571173896 
040 |b ita  |c ct 
041 7 |a eng  |2 ISO-639-2 
100 1 |a Bennett, Alan,  |d  (1934- )  |0 IT\ICCU\MILV\115080  |4 aut 
245 1 0 |a Writing home /  |c Alan Bennett. 
260 |a London ;  |a Boston :  |b Faber and Faber,  |c 1994 
300 |a XIV, 417 p., [16] c. di tav. :  |b ill. ;  |c 20 cm. 
942 |2 ddc  |c BK 
952 |0 0  |1 0  |2 ddc  |4 0  |6 B_LNR01BENALWRI11  |7 0  |9 7662  |a MI  |b MI  |d 2012-02-24  |i 6085  |l 0  |o B-LNR01-BENAL-WRI11  |p CDOM6085  |r 2025-07-13 16:28:00  |w 2025-07-13  |x DONO  |y BK 
981 1 |6 z01  |a i   |b xxxe  
982 1 |6 z01  |a n 
999 |c 6343  |d 6343